Hợp đồng kinh tế và chế định về tài phán trong kinh doanh tại Việt Nam
Nội dung giới thiệu các khái niệm lý luận chung và một số hợp đồng mâu, hợp đồng thợc tiễn trong hoạt động sản xuất kinh doanh; trình bày về các hình thức giải quyết tranh chấp về kinh tế tại Việt Nam (chế định về tài phán trong kinh do...
Enregistré dans:
| Auteur principal: | |
|---|---|
| Format: | Livre |
| Langue: | Undetermined |
| Publié: |
Hà Nội
Thống kê
2000
|
| Sujets: | |
| Tags: |
Ajouter un tag
Pas de tags, Soyez le premier à ajouter un tag!
|
| Thư viện lưu trữ: | Trung tâm Học liệu Trường Đại học Cần Thơ |
|---|
| LEADER | 01124nam a2200229Ia 4500 | ||
|---|---|---|---|
| 001 | CTU_36825 | ||
| 008 | 210402s9999 xx 000 0 und d | ||
| 020 | |c 62000 | ||
| 082 | |a 346.02 | ||
| 082 | |b Kh527 | ||
| 100 | |a Bùi, Thị Khuyên | ||
| 245 | 0 | |a Hợp đồng kinh tế và chế định về tài phán trong kinh doanh tại Việt Nam | |
| 245 | 0 | |c Bùi Thị Khuyên, Phạm Thị Thùy Dương, Phạm Văn Phấn | |
| 260 | |a Hà Nội | ||
| 260 | |b Thống kê | ||
| 260 | |c 2000 | ||
| 520 | |a Nội dung giới thiệu các khái niệm lý luận chung và một số hợp đồng mâu, hợp đồng thợc tiễn trong hoạt động sản xuất kinh doanh; trình bày về các hình thức giải quyết tranh chấp về kinh tế tại Việt Nam (chế định về tài phán trong kinh doanh). | ||
| 650 | |a Contracts,Economics,Law and economics | ||
| 650 | |x Law and legislation | ||
| 650 | |z Vietnam | ||
| 904 | |i Minh, Giang sửa | ||
| 980 | |a Trung tâm Học liệu Trường Đại học Cần Thơ | ||